Lectura de Foucault / (Registro nro. 61481)
[ vista simple ]
| 000 -LEADER | |
|---|---|
| fixed length control field | 00620nam a2200205 u 4500 |
| 001 - CONTROL NUMBER | |
| control field | 61481 |
| 005 - DATE AND TIME OF LATEST TRANSACTION | |
| control field | 20180714063124.0 |
| 008 - FIXED-LENGTH DATA ELEMENTS--GENERAL INFORMATION | |
| fixed length control field | 141002s2014 sp r 000 0 spa d |
| 020 ## - INTERNATIONAL STANDARD BOOK NUMBER | |
| International Standard Book Number | 978-84-15601-50-0 |
| 082 0# - DEWEY DECIMAL CLASSIFICATION NUMBER | |
| Classification number | 149.96 |
| Item number | MOR |
| 100 1# - MAIN ENTRY--PERSONAL NAME | |
| Personal name | Morey, Miguel |
| Relator term | autor |
| 245 10 - TITLE STATEMENT | |
| Title | Lectura de Foucault / |
| Statement of responsibility, etc. | Miguel Morey. |
| 264 #1 - PRODUCTION, PUBLICATION, DISTRIBUTION, MANUFACTURE, AND COPYRIGHT NOTICE | |
| Place of production, publication, distribution, manufacture | España : |
| Name of producer, publisher, distributor, manufacturer | Sexto Piso, |
| Date of production, publication, distribution, manufacture, or copyright notice | 2014 |
| 300 ## - PHYSICAL DESCRIPTION | |
| Extent | 431 páginas ; |
| Dimensions | 23 cm. |
| 336 ## - CONTENT TYPE | |
| Content type term | texto |
| Source | rdacontent |
| 337 ## - MEDIA TYPE | |
| Media type term | sin mediación |
| Source | rdamedia |
| 338 ## - CARRIER TYPE | |
| Carrier type term | volume |
| Source | rdacarrier |
| 600 14 - SUBJECT ADDED ENTRY--PERSONAL NAME | |
| Personal name | Foucault, Michel, |
| Dates associated with a name | 1926-1984 |
| Relator term | autor |
| 650 04 - SUBJECT ADDED ENTRY--TOPICAL TERM | |
| Topical term or geographic name entry element | Filosofía francesa |
| Chronological subdivision | siglo XX |
| Withdrawn status | Lost status | Source of classification or shelving scheme | Damaged status | Not for loan | Collection code | Home library | Current library | Shelving location | Date acquired | Source of acquisition | Inventory number | Total Checkouts | Full call number | Barcode | Date last seen | Date last checked out | Price effective from | Koha item type |
|---|---|---|---|---|---|---|---|---|---|---|---|---|---|---|---|---|---|---|
| Dewey Decimal Classification | General | Biblioteca Karol Wojtyla | Biblioteca Karol Wojtyla | Sala general | 02/10/2014 | Compra | 151000000000000000061122 | 149.96 MOR 2014 | 92535 | 05/01/2026 | 21/03/2015 | 02/10/2014 | Libro |